Normal view
MARC view
- Zinn, Maxine Baca,
Entry Personal Name
001 - CONTROL NUMBER
- control field: 109295
003 - CONTROL NUMBER IDENTIFIER
- control field: NUST
005 - DATE AND TIME OF LATEST TRANSACTION
- control field: 20230221102808.0
008 - FIXED-LENGTH DATA ELEMENTS
- fixed length control field: 230221|| aca||aabn | a|a d
040 ## - CATALOGING SOURCE
- Original cataloging agency: NUST
- Transcribing agency: NUST
100 ## - HEADING--PERSONAL NAME
- Personal name: Zinn, Maxine Baca,
- Dates associated with a name: 1942-
670 ## - SOURCE DATA FOUND
- Source citation: Work cat.: (NUST)188524: Eitzen, D. Stanley. 109293, In conflict and order :, 1991.
